000 04701nam a2200337 u 4500
001 000002697
003 DO-SdBNP
005 20250407130756.0
008 090703s2006 dr a r 000 0 spa d
020 _a9945856200
040 _aDO-SdBNP
_bspa
_cBNPHU
082 _a333.75
_bR436e
245 0 1 _aRestauración de especies nativas en los helechales de la Reserva Científica Ébano Verde :
_bensayos preliminares y diseño de un plan de actuación /
_cLuis navarro ... [et al.].
260 _aRepública Dominicana :
_bSecretaría de Estado de Medio Ambiente y Recursos Naturales,
_c2006.
300 _a139 p. :
_bil. ;
_c25 cm.
504 _aBibliografía : p. 137-139
505 0 _tPresentación /
_rEnrique Armenteros Ruis --
_gIntroducción --
_gCapítulo I: Breve historia del uso de las tierras y sus implicaciones --
_tHistoria de la transformación de los bosques ;
_tImplicaciones de la transforación de los bosques en áreas agrícolas ;
_tProcesos y patrones de deforestación --
_gCapítulo 2: Regeneración de los bosques --
_tRegeneración de los bosques ;
_tSucesión vegetal ;
_tFacilitación ;
_tTolerancia ;
_tInhibición ;
_tMecanismos de colonización de un área perturbada ;
_tLluvia de semillas ;
_tBancos de semillas ;
_tBancos de plántulas ;
_tRegeneración vegetativa ;
_tAlgunos ejemplos de sucesión secundaria en los trópicos ;
_tRestauración de ecosistemas ;
_t¿Qué barreras pueden inhibir o frenar la regeneración natural? ;
_tBaja disponibilidad de propágulos ;
_tSuelos pobres en nutrientes u organismos simbiontes ;
_tProblemas de competencia con especies establecidas ;
_tFalta de micro-hábitas adecuados ;
_tLimitación hídrica --
_gCapitulo 3: Historia del uso de las tierras en La Española, en la Cordillera Central y en Ébano Verde --
_tIndios Taínos y agricultura de tumba y quema ;
_tSiglos XV-XVI. Dominación española y cambio del uso de las tierras ;
_tSiglo XVII. Crisis de la industria azucarera y regenación de los bosques en República Dominicana ;
_tIncremento del ganado en Haití ;
_tCaza descontrolada y reconversión a la agricultura en Haití ;
_tSiglo XVIII. Instalación de ingenios azucareros y comercio de maderas preciosas a gran escala en Haití ;
_tSiglo XIX. Consecuencias de la Revolución Haitiana ;
_tSiglo XX. Asentamiento de población en las áreas de montaña ;
_tDeclive de la industria madera ;
_tla Cordillera Central y el uso de las tierras ;
_tEl problema de los helechales y restauración del bosque nativo ;
_tLa Reserva Científica Ébano Verde como área de protección de cuencas hidrográficas y reducto del bosque de montaña --
505 0 _gCapítulo 4: Regeneración de los bosques de la Cordillera Central: un proyecto piloto en la Reserva Científica Ébano Verde ;
_tIntroducción ;
_tEl área de estudio ;
_tLa vegetación actual en el área de estudio ;
_tMetodología del trabajo ;
_tResultados ;
_tDiscusión y conclusiones --
_gCapítulo 5: Barreras para la regeneración de la vegetación leñosa en la Reserva Científica Ébano Verde --
_tLimitación de semillas ;
_tBarrera física y competencia ;
_tLimitación de nutrientes ;
_t¿Cómo se puede acelerar el proceso de regeneración del bosque?. Estrategias para vencer las barreras --
_gCapítulo 6: Ensayos de restauración y regeneración natural después de cortar los helechales --
_gIntroducción --
_tMaterial y métodos ;
_tPreparación de las parcelas de trabajo. Corta de helechos ;
_tExperimento de siembra ;
_tRegeneración natural ;
_tEfecto de la eliminación de los helechos sobre la fertilidad de los suelos ;
_tResultados ;
_tExperimentos de siembra ;
_tRegeneración natural ;
_tEfecto de la eliminación de los helechos sobre la fertilidad de los suelos ;
_tRebrote de los helechos ;
_tDiscusión --
_gCapítulo 7: Propuesta de plan de trabajo para recuperar el bosque original en la Reserva Científica Ébano Verde --
_tAnálisis espacial de la reserva ;
_tPreparación de las áreas de restauración ;
_tRegeneración natural ;
_tEnriquecimiento de siembras ;
_tColección de semillas y plantúlas para sembrar ;
_tVivero ;
_tSiembra de especies en las parcelas ;
_tRecursos humanos --
_gReferencias bibliográficas
_gConclusiones
590 _aInventariado, 2018/LP
650 0 _aReforestación
_98510
650 0 _aAforestación
_97850
650 4 _aReproducción de bosques tropicales
_98511
650 0 _aÁreas protegidas
_97050
650 0 _aConservación de los recursos naturales
_91562
650 0 _aParques Nacionales
_zRepública Dominicana
_97049
651 4 _aReserva Científica de Ébano Verde (República Dominicana)
_98513
700 1 _aAide, T. Michell
_98514
700 1 _aSlocum, Matthew G.
_98515
700 1 _aZimmerman, Jess K.
_98516
942 _2ddc
_cLBS1
999 _c2533
_d2533